Statistiken für Top-10-Singles von Anastacia

Klicken Sie hier um das Quiz zu spielen!

Allgemein

  • Dieses Quiz wurde 19 mal gespielt
  • Das Durchschnittsergebnis liegt bei 5 aus 6

Antwortstatistiken

ErscheinungsjahrTitel% Korrekt
2000I'm Outta Love
94%
2001Paid My Dues
81%
2004Sick And Tired
75%
2004Left Outside Alone
69%
2002One Day In Your Life
69%
2006I Belong to You (Il ritmo della passione)
63%

Verteilung der Resultate

Perzentil nach korrekt beantworteten Fragen

Anzahl Personen mit jedem Resultat

Ihre Resultats-Entwicklung

Sie haben dieses Quiz noch nicht gespielt